[Event "Chigorin Memorial 2018"]
[Site "St. Petersburg"]
[Date "2018.10.29"]
[Round "3"]
[White "Ivanisevic, Ivan"]
[Black "Popov, Mikhail"]
[Result "1-0"]
[WhiteElo "2583"]
[BlackElo "2394"]
[Annotator "TA"]
[PlyCount "77"]
[EventDate "2018.10.27"]
[EventType "swiss"]
[EventCountry "RUS"]
[SourceTitle "playchess.com"]
[Source "ChessBase"]
[SourceQuality "1"]

1. d4 Nf6 2. c4 g6 3. Nc3 Bg7 4. e4 d6 5. Nge2 O-O 6. Ng3 e5 7. d5 a5 8. Be2 Na6 9. h4 h5 10. Bg5 Qe8 11. Qd2 Nc5 12. f3 Bd7 13. Bh6 Nh7 14. O-O-O Qe7 15. Nf1 f5 16. exf5 gxf5 17. Ng3 Be8 18. Bg5 Qd7 19. f4 exf4 20. Bxf4 Nf6 21. Bh6 Bg6 22. Rdf1 Ng4 23. Bxg7 Qxg7 24. Qg5 Rae8 25. Rh3 Ne3 26. Rf3 f4 27. Rxf4 Rxf4 28. Qxf4 Qe5 29. Qh6 Kf7 30. Nxh5 Nf5 31. Qf4 Qxe2 32. Nxe2 Rxe2 33. g4 Re1+ 34. Kd2 Re4 35. gxf5 Bxh5 36. Qg5 Re2+ 37. Kd1 Rd2+ 38. Kxd2 Ne4+ 39. Ke3 1-0

[Event "Chigorin Memorial 2018"]
[Site "St. Petersburg"]
[Date "2018.10.29"]
[Round "3"]
[White "Timofeev, Artyom"]
[Black "Nikitenko, Mihail"]
[Result "1-0"]
[WhiteElo "2580"]
[BlackElo "2389"]
[Annotator "TA"]
[PlyCount "87"]
[EventDate "2018.10.27"]
[EventType "swiss"]
[EventCountry "RUS"]
[SourceTitle "playchess.com"]
[Source "ChessBase"]
[SourceQuality "1"]

1. Nf3 Nf6 2. g3 d5 3. Bg2 Bf5 4. b3 e6 5. Bb2 Be7 6. c4 c6 7. O-O O-O 8. d3 h6 9. Nc3 Bh7 10. Rc1 a5 11. cxd5 exd5 12. Re1 Na6 13. d4 Nc7 14. Ne5 Ne6 15. Na4 Bb4 16. Bc3 Ba3 17. Bb2 Bb4 18. Rf1 Qe7 19. Nd3 Bd6 20. Nac5 Rfe8 21. e3 h5 22. Nf4 Nxc5 23. dxc5 Be5 24. Bxe5 Qxe5 25. h4 Qb2 26. a4 Rad8 27. Re1 Be4 28. Re2 Qe5 29. f3 Bh7 30. Qd4 Qc7 31. Bh3 Re5 32. Kf2 Bf5 33. Bxf5 Rxf5 34. Rb1 Rd7 35. b4 axb4 36. Rxb4 Re7 37. Reb2 Qc8 38. a5 Kh7 39. Kg2 Rfe5 40. Rxb7 Rxe3 41. a6 Rxf3 42. Kxf3 Re4 43. Qd3 Ng4 44. Kg2 1-0

[Event "Chigorin Memorial 2018"]
[Site "St. Petersburg"]
[Date "2018.10.29"]
[Round "3"]
[White "Duzhakov, Ilya"]
[Black "Maghsoodloo, Parham"]
[Result "0-1"]
[WhiteElo "2414"]
[BlackElo "2685"]
[Annotator "TA"]
[PlyCount "72"]
[EventDate "2018.10.27"]
[EventType "swiss"]
[EventCountry "RUS"]
[SourceTitle "playchess.com"]
[Source "ChessBase"]
[SourceQuality "1"]

1. d4 e6 2. c4 b6 3. e4 Bb7 4. Bd3 Nc6 5. Nf3 Nb4 6. O-O Ne7 7. h4 f5 8. Nc3 Nxd3 9. Qxd3 fxe4 10. Nxe4 Nf5 11. d5 Be7 12. Bg5 O-O 13. dxe6 dxe6 14. Qxd8 Bxd8 15. Rfe1 h6 16. Bxd8 Raxd8 17. b3 Rd3 18. h5 Rxf3 19. gxf3 Nh4 20. Kf1 Nxf3 21. Nc3 Nxe1 22. Rxe1 Rf5 23. Rxe6 Rxh5 24. Re7 Bf3 25. Ke1 Rh1+ 26. Kd2 h5 27. Rxc7 h4 28. Rc8+ Kf7 29. Ke3 Bh5 30. Kf4 Rg1 31. Ne4 h3 32. Rh8 g6 33. Rh7+ Kf8 34. Nf6 h2 35. Rd7 g5+ 36. Ke5 Bf7 0-1

[Event "Chigorin Memorial 2018"]
[Site "St. Petersburg"]
[Date "2018.10.29"]
[Round "3"]
[White "Savitskiy, Sergey"]
[Black "Alekseev, Evgeny"]
[Result "0-1"]
[WhiteElo "2413"]
[BlackElo "2620"]
[Annotator "TA"]
[PlyCount "50"]
[EventDate "2018.10.27"]
[EventType "swiss"]
[EventCountry "RUS"]
[SourceTitle "playchess.com"]
[Source "ChessBase"]
[SourceQuality "1"]

1. e4 c5 2. Nf3 e6 3. d4 cxd4 4. Nxd4 a6 5. Nc3 d6 6. Be3 Nf6 7. Be2 Be7 8. f4 O-O 9. Bf3 Nc6 10. Qd2 Qc7 11. O-O-O Nd7 12. g4 Nxd4 13. Qxd4 b5 14. g5 Rb8 15. a3 a5 16. Be2 Qc6 17. f5 b4 18. f6 Bd8 19. axb4 axb4 20. Nd5 exd5 21. exd5 Qa4 22. Qh4 Ne5 23. Bd4 Bf5 24. b3 Qa2 25. Rd2 Rc8 0-1

[Event "Chigorin Memorial 2018"]
[Site "St. Petersburg"]
[Date "2018.10.29"]
[Round "3"]
[White "Sadovsky, Artem"]
[Black "Predke, Alexandr"]
[Result "0-1"]
[WhiteElo "2408"]
[BlackElo "2615"]
[Annotator "TA"]
[PlyCount "70"]
[EventDate "2018.10.27"]
[EventType "swiss"]
[EventCountry "RUS"]
[SourceTitle "playchess.com"]
[Source "ChessBase"]
[SourceQuality "1"]

1. d4 Nf6 2. Nf3 e6 3. c4 b6 4. a3 Bb7 5. Nc3 Ne4 6. Qc2 Nxc3 7. Qxc3 Be7 8. Bf4 d6 9. h4 Nd7 10. Qc2 Bxf3 11. exf3 Bxh4 12. c5 Bg5 13. Bg3 bxc5 14. dxc5 Nxc5 15. Bb5+ Ke7 16. b4 Rb8 17. Bc6 Nd7 18. Rd1 h5 19. O-O h4 20. Bxd6+ cxd6 21. Rxd6 Kxd6 22. Rd1+ Ke7 23. Rxd7+ Qxd7 24. Bxd7 Kxd7 25. Qa4+ Ke7 26. Qxa7+ Kf6 27. Qd4+ Kg6 28. Qe4+ f5 29. Qxe6+ Bf6 30. f4 Rhe8 31. Qb3 Re1+ 32. Kh2 Rc8 33. g3 Rc3 34. Qd5 hxg3+ 35. fxg3 Re2+ 0-1

[Event "Chigorin Memorial 2018"]
[Site "St. Petersburg"]
[Date "2018.10.29"]
[Round "3"]
[White "Kazakovskiy, Valeriy"]
[Black "Perunovic, Milos"]
[Result "1/2-1/2"]
[WhiteElo "2405"]
[BlackElo "2606"]
[Annotator "TA"]
[PlyCount "83"]
[EventDate "2018.10.27"]
[EventType "swiss"]
[EventCountry "RUS"]
[SourceTitle "playchess.com"]
[Source "ChessBase"]
[SourceQuality "1"]

1. d4 Nf6 2. Nf3 e6 3. c4 c5 4. d5 d6 5. Nc3 exd5 6. cxd5 g6 7. Bf4 Nbd7 8. e4 Qe7 9. Nd2 Bg7 10. Be2 O-O 11. O-O Ne8 12. Nc4 Ne5 13. Bxe5 Bxe5 14. Nxe5 dxe5 15. Qd2 Nd6 16. Qe3 b6 17. f4 Bd7 18. Bd3 exf4 19. Qxf4 f6 20. Rae1 Rae8 21. Nb1 Qe5 22. Qxe5 Rxe5 23. Nd2 Kg7 24. a3 Rfe8 25. b4 c4 26. Nxc4 Nxc4 27. Bxc4 Rxe4 28. Rxe4 Rxe4 29. Rc1 a5 30. bxa5 bxa5 31. Ba6 Kf8 32. Rc5 a4 33. Rc7 Ke8 34. Bc8 Bxc8 35. Rxc8+ Kd7 36. Rc6 f5 37. Ra6 Rd4 38. Kf2 Rxd5 39. Rxa4 Rd3 40. Ra7+ Ke6 41. Rxh7 Rxa3 42. Rb7 1/2-1/2

[Event "Chigorin Memorial 2018"]
[Site "St. Petersburg"]
[Date "2018.10.29"]
[Round "3"]
[White "Rohith, Krishna S"]
[Black "Idani, Pouya"]
[Result "0-1"]
[WhiteElo "2403"]
[BlackElo "2588"]
[Annotator "ChessBase"]
[PlyCount "70"]
[EventDate "2018.10.27"]
[EventType "swiss"]
[EventCountry "RUS"]
[SourceTitle "playchess.com"]
[Source "ChessBase"]
[SourceQuality "1"]

1. d4 f5 2. g3 Nf6 3. Bg2 g6 4. c4 Bg7 5. Nc3 O-O 6. Nf3 d6 7. O-O Qe8 8. d5 a5 9. Nd4 Na6 10. b3 Bd7 11. Bb2 Nc5 12. e3 c6 13. Rc1 Rc8 14. Qe2 Qf7 15. Rfd1 Nfe4 16. Nf3 Nxc3 17. Bxc3 Bxc3 18. Rxc3 Ne4 19. Rcc1 cxd5 20. Rxd5 Qxd5 21. cxd5 Rxc1+ 22. Ne1 Rfc8 23. Bxe4 fxe4 24. Kg2 Ra1 25. Qd2 Rcc1 26. Qxa5 Kf7 27. Qd8 Be8 28. a4 Rxe1 29. Qc8 Rg1+ 30. Kh3 Ra2 31. Kg4 Rxf2 32. h4 h5+ 33. Kg5 Kg7 34. Qc3+ Kh7 35. Qd4 Rxg3# 0-1

[Event "Chigorin Memorial 2018"]
[Site "St. Petersburg"]
[Date "2018.10.29"]
[Round "3.13"]
[White "Anikonov, Dmitry"]
[Black "Volkov, Sergey"]
[Result "1/2-1/2"]
[WhiteElo "2382"]
[BlackElo "2568"]
[Annotator "TA"]
[PlyCount "113"]
[EventDate "2018.10.27"]
[EventType "swiss"]
[EventCountry "RUS"]
[WhiteTeam "Russland"]
[BlackTeam "Russland"]
[WhiteTeamCountry "RUS"]
[BlackTeamCountry "RUS"]

1. d4 d5 2. c4 c6 3. cxd5 cxd5 4. Bg5 Nc6 5. Nc3 Qb6 6. e4 e6 7. exd5 exd5 8. Bb5 Be6 9. Nge2 Be7 10. Bxe7 Ngxe7 11. O-O O-O 12. Qd2 Rac8 13. Rad1 Nf5 14. Rfe1 Rfd8 15. Bxc6 Rxc6 16. Ng3 Nxg3 17. hxg3 h6 18. Ne2 Qa6 19. a3 Rc4 20. Rc1 b5 21. b3 Rxc1 22. Qxc1 Rc8 23. Qb2 Bf5 24. Rc1 Rxc1+ 25. Nxc1 Qc6 26. Ne2 Qe6 27. Qd2 Qe7 28. b4 Qe6 29. f3 g5 30. Kf2 Bg6 31. Qc3 Qa6 32. Qb3 Kg7 33. Qxd5 Qxa3 34. Qxb5 Bd3 35. Qe5+ Kg8 36. Qe3 Qb3 37. Qd2 Bxe2 38. Kxe2 Qc4+ 39. Kf2 Kf8 40. d5 Ke7 41. d6+ Kd7 42. Kg1 a6 43. Qe3 Kxd6 44. Qb6+ Qc6 45. Qd8+ Ke6 46. Kh2 Qd6 47. Qe8+ Kf6 48. b5 axb5 49. Qxb5 h5 50. Qc4 h4 51. f4 Kg6 52. Qe4+ f5 53. Qe8+ Kg7 54. Qe3 hxg3+ 55. Kxg3 Kf6 56. Qc3+ Kg6 57. Qe3 1/2-1/2

[Event "Chigorin Memorial 2018"]
[Site "St. Petersburg"]
[Date "2018.10.29"]
[Round "3.14"]
[White "Nesterov, Arseniy"]
[Black "Bocharov, Dmitry"]
[Result "1/2-1/2"]
[WhiteElo "2378"]
[BlackElo "2557"]
[Annotator "TA"]
[PlyCount "64"]
[EventDate "2018.10.27"]
[EventType "swiss"]
[EventCountry "RUS"]
[WhiteTeam "Russland"]
[BlackTeam "Russland"]
[WhiteTeamCountry "RUS"]
[BlackTeamCountry "RUS"]

1. d4 Nf6 2. c4 e6 3. Nf3 d5 4. Bg5 dxc4 5. Qa4+ Nbd7 6. e3 Be7 7. Bxc4 O-O 8. Be2 c5 9. O-O a6 10. Rd1 b5 11. Qc2 c4 12. b3 cxb3 13. axb3 Bb7 14. Ne1 Qb6 15. Qb2 Rfc8 16. b4 Bd6 17. Nd3 Qc7 18. Bf4 Bxf4 19. Nxf4 Nb6 20. Nd2 Na4 21. Qa3 Nc3 22. Re1 e5 23. dxe5 Qxe5 24. Bf3 Bxf3 25. Nxf3 Qd6 26. Nd4 g6 27. Qb3 Nfd5 28. Nxd5 Qxd5 29. Qxd5 Nxd5 30. Reb1 Kf8 31. g3 Ke7 32. Kf1 Kd6 1/2-1/2

[Event "Chigorin Memorial 2018"]
[Site "St. Petersburg"]
[Date "2018.10.29"]
[Round "3.15"]
[White "Sengupta, Deep"]
[Black "Schekachikhin, Maksim"]
[Result "1-0"]
[WhiteElo "2557"]
[BlackElo "2370"]
[Annotator "TA"]
[PlyCount "121"]
[EventDate "2018.10.27"]
[EventType "swiss"]
[EventCountry "RUS"]
[WhiteTeam "Indien"]
[BlackTeam "Russland"]
[WhiteTeamCountry "IND"]
[BlackTeamCountry "RUS"]

1. e4 c6 2. d4 d5 3. exd5 cxd5 4. Nf3 Nc6 5. Ne5 e6 6. Bb5 Qc7 7. Bf4 Bd6 8. Qg4 Kf8 9. Bxc6 bxc6 10. Qg3 Ne7 11. Nd7+ Qxd7 12. Bxd6 Kg8 13. Bc5 Nf5 14. Qa3 Qc7 15. Nd2 e5 16. c3 h5 17. O-O-O e4 18. Rde1 Rh6 19. c4 Qf4 20. Re2 Be6 21. g3 Qg5 22. Rhe1 h4 23. Kb1 hxg3 24. hxg3 Qg4 25. Qa6 Rh1 26. cxd5 Rxe1+ 27. Rxe1 cxd5 28. Nf1 e3 29. Qe2 exf2 30. Qxf2 a5 31. Qf4 Qh3 32. a4 Re8 33. Ka2 Qg2 34. g4 Nh6 35. g5 Nf5 36. Nd2 g6 37. Nb3 Ra8 38. Bb6 Bd7 39. Nc5 Be8 40. Bc7 Qc2 41. Rc1 Qe2 42. Be5 Qg2 43. Rc3 Rc8 44. Rb3 Bc6 45. Bf6 Ng7 46. Rb6 Be8 47. Qe5 Nh5 48. Be7 Qf3 49. Rb8 Qg4 50. Rxc8 Qxc8 51. Qd6 Ng7 52. Bf6 Qc6 53. Qb8 Nh5 54. Bd8 Kh7 55. Bxa5 Ng7 56. Bd8 Bd7 57. Bf6 Bc8 58. Qe5 Nh5 59. Qe7 Be6 60. Qf8 Qc8 61. Qh6+ 1-0

[Event "Chigorin Memorial 2018"]
[Site "St. Petersburg"]
[Date "2018.10.29"]
[Round "3.16"]
[White "Vdovin, Vadim"]
[Black "Ter-Sahakyan, Samvel"]
[Result "0-1"]
[WhiteElo "2369"]
[BlackElo "2547"]
[Annotator "TA"]
[PlyCount "70"]
[EventDate "2018.10.27"]
[EventType "swiss"]
[EventCountry "RUS"]
[WhiteTeam "Russland"]
[BlackTeam "Armenien"]
[WhiteTeamCountry "RUS"]
[BlackTeamCountry "ARM"]

1. e4 e6 2. d4 d5 3. Nd2 c5 4. Ngf3 cxd4 5. Nxd4 Nc6 6. Bb5 Bd7 7. Nxc6 bxc6 8. Bd3 Qc7 9. c4 Nf6 10. O-O Bd6 11. h3 O-O 12. cxd5 cxd5 13. exd5 Nxd5 14. Ne4 Be5 15. Qh5 f5 16. Ng3 Nb4 17. Qe2 f4 18. Ne4 f3 19. gxf3 Nxd3 20. Qxd3 Rf5 21. f4 Bxf4 22. Bxf4 Qxf4 23. Qe3 Qh4 24. Ng3 Rd5 25. Rad1 Qxh3 26. Rxd5 exd5 27. Qg5 Qe6 28. Rd1 d4 29. Qc5 Rf8 30. Qxd4 Bc6 31. Qd6 Qf7 32. Qc5 Qf3 33. Qc4+ Kh8 34. Qf1 Bb5 35. Qe1 Re8 0-1

[Event "Chigorin Memorial 2018"]
[Site "St. Petersburg"]
[Date "2018.10.29"]
[Round "3.17"]
[White "Lobanov, Sergei"]
[Black "Sattarov, Bobir"]
[Result "1-0"]
[WhiteElo "2539"]
[BlackElo "2339"]
[Annotator "TA"]
[PlyCount "70"]
[EventDate "2018.10.27"]
[EventType "swiss"]
[EventCountry "RUS"]
[WhiteTeam "Russland"]
[BlackTeam "Usbekistan"]
[WhiteTeamCountry "RUS"]
[BlackTeamCountry "UZB"]

1. e4 e5 2. Nf3 Nc6 3. Bb5 a6 4. Ba4 Nf6 5. O-O Be7 6. Re1 b5 7. Bb3 d6 8. c3 O-O 9. h3 Bb7 10. d4 Re8 11. Nbd2 Bf8 12. a3 h6 13. Bc2 Nb8 14. b3 Nbd7 15. Bb2 g6 16. a4 Bg7 17. Bd3 c6 18. Qc2 Qc7 19. Bf1 Rac8 20. dxe5 dxe5 21. c4 bxa4 22. c5 axb3 23. Nxb3 Bf8 24. Qc3 Rb8 25. Ba3 Bc8 26. Na5 Nh5 27. Rad1 Nf4 28. Rd6 Bxd6 29. cxd6 Qb6 30. Nxc6 Qb3 31. Qc1 Nxh3+ 32. gxh3 Qxf3 33. Nxb8 Nxb8 34. Re3 Qf4 35. Qc7 Be6 1-0

[Event "Chigorin Memorial 2018"]
[Site "St. Petersburg"]
[Date "2018.10.29"]
[Round "3.18"]
[White "Levin, Evgeny A."]
[Black "Smirnov, Timofey"]
[Result "1-0"]
[WhiteElo "2523"]
[BlackElo "2332"]
[Annotator "TA"]
[PlyCount "79"]
[EventDate "2018.10.27"]
[EventType "swiss"]
[EventCountry "RUS"]
[WhiteTeam "Russland"]
[BlackTeam "Russland"]
[WhiteTeamCountry "RUS"]
[BlackTeamCountry "RUS"]

1. d4 d5 2. c4 c6 3. Nf3 Nf6 4. e3 Bf5 5. Nc3 e6 6. Nh4 Be4 7. f3 Bg6 8. Qb3 Qc7 9. Bd2 Be7 10. O-O-O dxc4 11. Bxc4 b5 12. Be2 a6 13. Nxg6 hxg6 14. Ne4 Nxe4 15. fxe4 Nd7 16. Kb1 Rc8 17. e5 c5 18. h4 Nb6 19. Ba5 c4 20. Qc2 Qb8 21. h5 g5 22. Rdf1 Rh6 23. Bg4 Nd5 24. Qf2 f5 25. Bf3 Qb7 26. g4 fxg4 27. Bxg4 Kd7 28. Qe2 b4 29. e4 Nf4 30. Rxf4 gxf4 31. d5 Rc5 32. Bxe6+ Rxe6 33. Qg4 c3 34. Qxe6+ Ke8 35. h6 Qb5 36. Qg6+ Kd7 37. Qg4+ Ke8 38. Qh5+ Kd7 39. Qh3+ Ke8 40. hxg7 1-0

[Event "Chigorin Memorial 2018"]
[Site "St. Petersburg"]
[Date "2018.10.29"]
[Round "3.19"]
[White "Saveliev, Alexei"]
[Black "Sorokin, Aleksey"]
[Result "1/2-1/2"]
[WhiteElo "2365"]
[BlackElo "2522"]
[Annotator "TA"]
[PlyCount "67"]
[EventDate "2018.10.27"]
[EventType "swiss"]
[EventCountry "RUS"]
[WhiteTeam "Russland"]
[BlackTeam "Russland"]
[WhiteTeamCountry "RUS"]
[BlackTeamCountry "RUS"]

1. e4 c6 2. d4 d5 3. exd5 cxd5 4. Bd3 Nc6 5. c3 Nf6 6. Bf4 Bg4 7. Qb3 e5 8. h3 Na5 9. Qc2 exf4 10. hxg4 Nxg4 11. Rxh7 Rxh7 12. Bb5+ Nc6 13. Qxh7 g6 14. Nd2 Qb6 15. Bd3 Qxb2 16. Rb1 Qxc3 17. Bxg6 Nh6 18. Ne2 Qa5 19. Rxb7 O-O-O 20. Rb2 Re8 21. Bh5 f3 22. Bxf3 Nxd4 23. Kf1 Qa6 24. Nb3 Ndf5 25. Qh8 Kd8 26. Nc5 Qc8 27. Nb7+ Kd7 28. Qc3 Qxc3 29. Nxc3 Bg7 30. Nc5+ Kd6 31. Nb7+ Kd7 32. Nc5+ Kd6 33. Nb7+ Kd7 34. Nc5+ 1/2-1/2

[Event "Chigorin Memorial 2018"]
[Site "St. Petersburg"]
[Date "2018.10.29"]
[Round "3.20"]
[White "Anisimov, Pavel"]
[Black "Nebolsina, Vera"]
[Result "1-0"]
[WhiteElo "2521"]
[BlackElo "2220"]
[Annotator "TA"]
[PlyCount "81"]
[EventDate "2018.10.27"]
[EventType "swiss"]
[EventCountry "RUS"]
[WhiteTeam "Russland"]
[BlackTeam "Russland"]
[WhiteTeamCountry "RUS"]
[BlackTeamCountry "RUS"]

1. e4 e5 2. Nf3 Nf6 3. Nxe5 d6 4. Nf3 Nxe4 5. d4 d5 6. Bd3 Nd6 7. O-O Be7 8. Re1 O-O 9. Bf4 Re8 10. Nbd2 Nd7 11. c3 Nf8 12. Qc2 g6 13. Qb3 c6 14. Re2 a5 15. a4 Ra7 16. Rae1 Ne6 17. Bg3 Ng7 18. h3 Bf5 19. Bxd6 Qxd6 20. Bxf5 Nxf5 21. c4 Raa8 22. cxd5 cxd5 23. Re5 Rad8 24. Qxb7 Rd7 25. Qb3 Rb8 26. Rxd5 Qxd5 27. Qxb8+ Rd8 28. Qb3 Qd6 29. Nc4 Qc7 30. Rd1 Bf6 31. d5 Rc8 32. Na3 Nd6 33. Nb5 Qb6 34. Nfd4 Nc4 35. Nc6 Qc5 36. Qc2 Bxb2 37. Nxa5 Nxa5 38. Qxb2 Rd8 39. d6 Qh5 40. Re1 Qh4 41. d7 1-0

[Event "Chigorin Memorial 2018"]
[Site "St. Petersburg"]
[Date "2018.10.29"]
[Round "3.21"]
[White "Baltabaev, Temirlan"]
[Black "Khanin, Semen"]
[Result "0-1"]
[WhiteElo "2332"]
[BlackElo "2510"]
[Annotator "TA"]
[PlyCount "84"]
[EventDate "2018.10.27"]
[EventType "swiss"]
[EventCountry "RUS"]
[WhiteTeam "Russland"]
[BlackTeam "Russland"]
[WhiteTeamCountry "RUS"]
[BlackTeamCountry "RUS"]

1. d4 Nf6 2. c4 e6 3. Nf3 a6 4. Nc3 d5 5. cxd5 exd5 6. Bg5 Be6 7. e3 Nbd7 8. Bd3 Bd6 9. O-O O-O 10. Rc1 c6 11. Qc2 h6 12. Bf4 Qb8 13. Bxd6 Qxd6 14. b4 Rfc8 15. Na4 a5 16. Nc5 axb4 17. Nxb7 Qb8 18. Nc5 Nxc5 19. dxc5 Ra3 20. Nd4 Qe5 21. h3 Bd7 22. Bf5 Bxf5 23. Qxf5 Qxf5 24. Nxf5 Rc7 25. Rc2 Ne4 26. Rb1 Ra4 27. Nd4 Nc3 28. Rbb2 g6 29. a3 bxa3 30. Rb8+ Kg7 31. Rxc3 a2 32. Nc2 a1=Q+ 33. Nxa1 Rxa1+ 34. Kh2 Ra2 35. Kg3 Re7 36. Rd8 Rb7 37. Rc8 Rbb2 38. Rxc6 Rxf2 39. Rd3 Rxg2+ 40. Kf4 Rg5 41. Kf3 Rf5+ 42. Kg3 Raf2 0-1

[Event "Chigorin Memorial 2018"]
[Site "St. Petersburg"]
[Date "2018.10.29"]
[Round "3.22"]
[White "Khegay, Dmitriy"]
[Black "Eynullayev, Altay"]
[Result "1-0"]
[WhiteElo "2499"]
[BlackElo "2180"]
[Annotator "TA"]
[PlyCount "95"]
[EventDate "2018.10.27"]
[EventType "swiss"]
[EventCountry "RUS"]
[WhiteTeam "Russland"]
[BlackTeam "Aserbeidschan"]
[WhiteTeamCountry "RUS"]
[BlackTeamCountry "AZE"]

1. c4 Nf6 2. g3 c5 3. Bg2 d5 4. cxd5 Nxd5 5. Nc3 Nc7 6. Qa4+ Bd7 7. Qb3 Nc6 8. Qxb7 Nd4 9. Qe4 g6 10. Qb1 Bf5 11. Be4 Bg7 12. Bxf5 Nxf5 13. Nf3 Rb8 14. b3 Nd4 15. Qd3 Nd5 16. O-O Nb4 17. Qc4 Nxf3+ 18. exf3 Qd4 19. Qxd4 cxd4 20. Na4 Rc8 21. Ba3 Nd3 22. Rfd1 e5 23. Kf1 f5 24. Ke2 e4 25. fxe4 fxe4 26. f3 Ne5 27. fxe4 d3+ 28. Kf1 Nf3 29. Rac1 Rxc1 30. Bxc1 Nxh2+ 31. Kg2 Ng4 32. Nc5 O-O 33. Nxd3 Bh6 34. Rf1 Rd8 35. Rf3 Rd4 36. Nc5 Ne5 37. Rf1 Rd6 38. d3 Bg7 39. Bf4 Rc6 40. b4 Ng4 41. Rc1 Bb2 42. Rc4 Ba3 43. d4 Rf6 44. Nd7 Rf7 45. Rc8+ Kg7 46. Ne5 Nxe5 47. Bxe5+ Kh6 48. Rc7 1-0

[Event "Chigorin Memorial 2018"]
[Site "St. Petersburg"]
[Date "2018.10.29"]
[Round "3.23"]
[White "Ibadov, Dashgyn"]
[Black "Afanasiev, Nikita"]
[Result "0-1"]
[WhiteElo "2270"]
[BlackElo "2487"]
[Annotator "TA"]
[PlyCount "86"]
[EventDate "2018.10.27"]
[EventType "swiss"]
[EventCountry "RUS"]
[WhiteTeam "Russland"]
[BlackTeam "Russland"]
[WhiteTeamCountry "RUS"]
[BlackTeamCountry "RUS"]

1. e4 c5 2. Nf3 d6 3. d4 cxd4 4. Nxd4 Nf6 5. Nc3 a6 6. Qd3 Nbd7 7. Be2 b5 8. a4 b4 9. Nd5 Bb7 10. Nxf6+ Nxf6 11. Bf3 Nd7 12. a5 e6 13. Bd2 d5 14. O-O Ne5 15. Qb3 dxe4 16. Qa4+ Qd7 17. Qxd7+ Nxd7 18. Be2 Rd8 19. Ra4 Nf6 20. Nb3 Nd5 21. c4 bxc3 22. bxc3 Bd6 23. g3 Nc7 24. c4 Bc6 25. Raa1 Rb8 26. Rab1 O-O 27. Be3 Be5 28. Nd4 Ba4 29. Rb6 Rfd8 30. Rfb1 Na8 31. Rxb8 Bxb8 32. Rb4 Bd7 33. Nb3 Rc8 34. c5 Nc7 35. Rb6 Ba4 36. Nd4 Ba7 37. Rb4 Be8 38. Rb6 Nd5 39. Rxa6 Bxc5 40. Nc2 Nxe3 41. Nxe3 Kf8 42. Kg2 Bxe3 43. fxe3 Rc2 0-1

[Event "Chigorin Memorial 2018"]
[Site "St. Petersburg"]
[Date "2018.10.29"]
[Round "3.24"]
[White "Mikaelyan, Arman"]
[Black "Semenenko, Sergey"]
[Result "1-0"]
[WhiteElo "2477"]
[BlackElo "2157"]
[Annotator "TA"]
[PlyCount "61"]
[EventDate "2018.10.27"]
[EventType "swiss"]
[EventCountry "RUS"]
[WhiteTeam "Armenien"]
[BlackTeam "Russland"]
[WhiteTeamCountry "ARM"]
[BlackTeamCountry "RUS"]

1. d4 Nf6 2. c4 e6 3. Nf3 b6 4. a3 Bb7 5. Nc3 d5 6. Qc2 Be7 7. cxd5 Nxd5 8. e4 Nxc3 9. bxc3 c5 10. Bb5+ Bc6 11. Bd3 Nd7 12. O-O h6 13. Rd1 Qc7 14. d5 exd5 15. exd5 Bxd5 16. Bb5 Bc6 17. Bf4 Qxf4 18. Bxc6 O-O-O 19. a4 Nf6 20. Re1 Bd6 21. a5 Bc7 22. Qe2 c4 23. g3 Qg4 24. axb6 Bxb6 25. Qe7 Rd7 26. Bxd7+ Qxd7 27. Qb4 Qc6 28. Nd4 Qc5 29. Qa4 Rd8 30. Qa6+ Kc7 31. Ra4 1-0

[Event "Chigorin Memorial 2018"]
[Site "St. Petersburg"]
[Date "2018.10.29"]
[Round "3.25"]
[White "Arbuzov, Mikhail"]
[Black "Nigmatov, Ortik"]
[Result "1/2-1/2"]
[WhiteElo "2146"]
[BlackElo "2456"]
[Annotator "TA"]
[PlyCount "99"]
[EventDate "2018.10.27"]
[EventType "swiss"]
[EventCountry "RUS"]
[WhiteTeam "Russland"]
[BlackTeam "Usbekistan"]
[WhiteTeamCountry "RUS"]
[BlackTeamCountry "UZB"]

1. d4 Nf6 2. c4 g6 3. f3 Bg7 4. e4 d6 5. Nc3 O-O 6. Be3 c5 7. d5 e6 8. Qd2 exd5 9. cxd5 a6 10. a4 Re8 11. Nge2 Nbd7 12. Nc1 Ne5 13. Be2 Nh5 14. O-O f5 15. N1a2 Bd7 16. exf5 gxf5 17. Bg5 Qb6 18. Bh6 Bxh6 19. Qxh6 Ng7 20. Rab1 c4+ 21. Kh1 Rac8 22. Qd2 Rc7 23. f4 Ng4 24. Bxg4 fxg4 25. Rbe1 Bf5 26. Rxe8+ Nxe8 27. Re1 Nf6 28. Nc1 h5 29. Re3 Kf7 30. N1e2 Bd3 31. Nc1 h4 32. Nxd3 cxd3 33. f5 Qc5 34. Rxd3 Re7 35. Rd4 Re5 36. Rf4 Nxd5 37. Ne4 Qc6 38. Rxg4 Rxf5 39. Ng5+ Ke7 40. Nf3 h3 41. Qe1+ Kd7 42. Rg7+ Kd8 43. Nd4 hxg2+ 44. Rxg2 Qd7 45. Rg8+ Kc7 46. Nxf5 Qxf5 47. Rg3 Kb8 48. Rg8+ Kc7 49. Rg7+ Kb8 50. Rg8+ 1/2-1/2

[Event "Chigorin Memorial 2018"]
[Site "St. Petersburg"]
[Date "2018.10.29"]
[Round "3.26"]
[White "Vokhidov, Shamsiddin"]
[Black "Zhuravlev, Stepan"]
[Result "1-0"]
[WhiteElo "2446"]
[BlackElo "2114"]
[Annotator "TA"]
[PlyCount "105"]
[EventDate "2018.10.27"]
[EventType "swiss"]
[EventCountry "RUS"]
[WhiteTeam "Usbekistan"]
[BlackTeam "Russland"]
[WhiteTeamCountry "UZB"]
[BlackTeamCountry "RUS"]

1. e4 e5 2. Nf3 Nc6 3. Nc3 Nf6 4. Be2 Bd6 5. d4 exd4 6. Nxd4 Be5 7. Be3 d6 8. O-O O-O 9. f4 Bxd4 10. Bxd4 Re8 11. Bf3 Nxd4 12. Qxd4 Bg4 13. Bxg4 Nxg4 14. Rad1 Qf6 15. Qd3 Qe6 16. Rfe1 h6 17. Nb5 d5 18. e5 Qb6+ 19. Nd4 h5 20. b3 Rad8 21. h3 Nh6 22. Kh1 c5 23. Nf3 Qe6 24. c4 d4 25. Ng5 Qf5 26. Qf3 b6 27. Ne4 Re7 28. Ng3 Qc2 29. Nxh5 Nf5 30. Ng3 Nxg3+ 31. Qxg3 d3 32. f5 d2 33. f6 dxe1=Q+ 34. Rxe1 Qg6 35. fxe7 Re8 36. Qxg6 fxg6 37. e6 g5 38. Kh2 Kh7 39. Kg3 Kg6 40. Kg4 Rxe7 41. Re5 Kf6 42. Rf5+ Kxe6 43. Kxg5 Rd7 44. g4 Rd2 45. Kg6 Rxa2 46. Kxg7 Ra3 47. h4 Rxb3 48. h5 Rg3 49. Rg5 b5 50. h6 bxc4 51. h7 Rh3 52. Rxc5 Rh4 53. Rxc4 1-0

[Event "Chigorin Memorial 2018"]
[Site "St. Petersburg"]
[Date "2018.10.29"]
[Round "3.28"]
[White "Korennoi, Viktor"]
[Black "Alekseenko, Kirill"]
[Result "0-1"]
[WhiteElo "2306"]
[BlackElo "2639"]
[Annotator "TA"]
[PlyCount "68"]
[EventDate "2018.10.27"]
[EventType "swiss"]
[EventCountry "RUS"]
[WhiteTeam "Russland"]
[BlackTeam "Russland"]
[WhiteTeamCountry "RUS"]
[BlackTeamCountry "RUS"]

1. d4 Nf6 2. c4 g6 3. Nc3 d5 4. cxd5 Nxd5 5. e4 Nxc3 6. bxc3 Bg7 7. Be3 c5 8. Rc1 Qa5 9. Qd2 O-O 10. d5 e6 11. c4 Qxd2+ 12. Kxd2 b6 13. Be2 Rd8 14. Nf3 Nc6 15. Rhd1 Nd4 16. Bxd4 cxd4 17. Kc2 e5 18. Kb3 Bd7 19. Ne1 f5 20. f3 Kf7 21. Nd3 Ke7 22. a4 Rab8 23. Ka3 Rdc8 24. c5 bxc5 25. Nxc5 Bh6 26. Rc4 Be8 27. Rd3 Rb1 28. Rb3 Rc1 29. d6+ Kxd6 30. Nb7+ Ke6 31. Na5 Rc2 32. Rxc2 Rxc2 33. Bc4+ Kf6 34. Rb8 Bc1+ 0-1